00872cam a2200217 a 450000500170000000800410001702000120005804000250007004100080009504400070010308200170011011101160012724500740024326000840031730000390040165000550044065000350049565000360053070000380056671000500060420151128013706.0980604s19920000ck r 100 0 spa d a9381057 aCO-BoPUJcCO-BoIAVH  aspa ack04a320.58bC74c2 aConferencia de las Naciones Unidas sobre el medio ambiente y el desarrollod(1992 jun. 3-14 : cRio de Janeiro)10aColombia en la cumbre de la tierra /c Editor Alberto López Mejía aSanta Fe de Bogotá:bMinisterio de Relaciones Exteriores de Colombia, c1992. a117 páginas, c15 centímetros.24aConservación de los recursos naturaleszColombia24aPolítica ambientalzColombia24aDesarrollo sosteniblezColombia1 aGómez Mejía, AlbertoeEditor.1 aColombia. Ministerio de Relaciones Exteriores